Derechos del corazón: una inteligencia cordial

-д хадгалсан:
Номзүйн дэлгэрэнгүй
Үндсэн зохиолч: Boff, Leonardo (Зохиогч)
Формат: Ном
Хэл сонгох:испани
Хэвлэсэн: Madrid Trotta 2015
Хэвлэл:1a. ed
Цуврал:Religión
Нөхцлүүд:
Шошгууд: Шошго нэмэх
Шошго байхгүй, Энэхүү баримтыг шошголох эхний хүн болох!

MARC

LEADER 00000cam a2200000 a 4500
001 UCC1829
003 CL-VaPUC
008 171201e20150000sp |||||||||||||||||spa|d
020 |a 9788498796070 
082 0 4 |a 302.13  |b BOF  |2 21 
100 0 |a Boff, Leonardo  |e author  |9 595922 
245 1 0 |a Derechos del corazón: una inteligencia cordial 
250 |a 1a. ed 
300 |a 99 p 
942 |c BK 
945 |d 20171201 13:56:00  |a dcastane 
260 |a Madrid  |b Trotta  |c 2015 
650 7 |a RELACIONES PERSONALES  |2 CL-VaPUC  |9 404486 
650 0 |a Amor humano   |9 595923 
650 0 |a Amor platónico  |9 584194 
583 |a last modification  |c 20171201 13:56:00  |k Rodrigo Vera 
490 0 |a Religión 
999 |c 370178  |d 370176 
952 |0 0  |1 0  |3 erb  |4 0  |6 302_130000000000000_BOF_2015  |7 0  |8 A  |9 486508  |a BIBTEO  |b BIBTEO  |i 5439507  |o 302.13 BOF 2015  |p 5439507  |r 2025-01-17  |w 2019-11-24  |y BK  |z Catalogado en:20171201  |k ICR